000
00305nam a22001457a 4500
008
221021b ||||| |||| 00| 0 eng d
020
_a
061215511
041
_a
eng
080
_a
61
082
_a
61 MAT
100
_a
2
101
_a
MJK
245
_a
THE ANTERIOR APPROACH
_c
MATTA J
942
_2
udc
_c
BK
999
_c
58643
_d
58643